000
00306 a2200121 4500
005
20250623144315.0
020
_a
978-9987-694-22-8
100
_a
URASSA, O
245
_a
Accounting
260
_a
Dar es Salaam
_b
The Tanzania Institute of Bankers
_c
2012
300
_a
x,358p.: ill;Table
_c
24cm
942
_2
ddc
_c
BKS
999
_c
4683
_d
4683